| 000 | 00462nam a22001577a 4500 | ||
|---|---|---|---|
| 005 | 20260108092415.0 | ||
| 008 | 260108b |||||||| |||| 00| 0 eng d | ||
| 010 | _a2021950368 | ||
| 020 | _a9781350271944 | ||
| 100 | _a Toyin Falola | ||
| 245 |
_aAfrican spirituality, politics and knowledge systems : _bsacred words and holy realms/ _cBy: Falola, Toyin. |
||
| 250 | _a: 1. | ||
| 260 |
_a New York: _bBloomsbury Academic, _c2022. |
||
| 300 | _c23.5cm | ||
| 942 | _2lcc | ||
| 999 |
_c104 _d104 |
||